000 00631nam a2200229Ia 4500
003 OSt
005 20220927112947.0
006 a|||||r|||| 00| 0
007 ta
008 220926b |||||||| |||| 00| 0 eng d
024 _a152580
037 _cReports
040 _aRTL
_cRTL
_beng
041 _2eng
_aeng
082 _a"X93:8J.273r, GD"
110 _a"BIHAR, COMPTROLLER AND AUDITOR GENERAL OF INDIA."
_9384706
245 0 _aReport
_b Commercial
260 _c1988
700 _a"BIHAR, COMPTROLLER AND AUDITOR GENERAL OF INDIA."
_9384707
942 _h"X93:8J.273r, GD"
_cCC
999 _c701018
_d701018